Zuzenbide Erromatarraren sarrera historikoa /
محفوظ في:
| المؤلفون الرئيسيون: | , |
|---|---|
| التنسيق: | الكتروني كتاب الكتروني |
| اللغة: | الباسكية |
| منشور في: |
Bilbo :
Deustuko Unibertsitatea,
1994.
|
| الطبعة: | Primera edición. |
| سلاسل: | Serie Derecho (Bilbao, Spain);
v. 47. |
| الموضوعات: | |
| الوصول للمادة أونلاين: | Digitalia Hispánica |
| الوسوم: |
إضافة وسم
لا توجد وسوم, كن أول من يضع وسما على هذه التسجيلة!
|
MARC
| LEADER | 00000nam a2200000Ii 4500 | ||
|---|---|---|---|
| 001 | DIGDEU0114 | ||
| 003 | NyNyDIG | ||
| 008 | 141201s1994 sp a ob 001 0 baq d | ||
| 006 | m o d | ||
| 007 | cr ||||||||||| | ||
| 020 | |a 9788498309645 |q (eBook) | ||
| 020 | |a 8498309646 |q (eBook) | ||
| 020 | |z 8474853400 | ||
| 020 | |z 9788474853407 | ||
| 035 | |a (OCoLC)992103805 | ||
| 040 | |a DGITA |b eng |e rda |e pn |c DGITA | ||
| 050 | 1 | 4 | |a KJA147 eBook |
| 100 | 1 | |a Txurruka, Juan de, |e author | |
| 245 | 1 | 0 | |a Zuzenbide Erromatarraren sarrera historikoa / |c Juan de Txurruka, Rosa Mentxakaren Iaguntzaz. |
| 250 | |a Primera edición. | ||
| 264 | 1 | |a Bilbo : |b Deustuko Unibertsitatea, |c 1994. | |
| 300 | |a 1 online resource (310 pages). | ||
| 336 | |a text |b txt |2 rdacontent | ||
| 337 | |a computer |b c |2 rdamedia | ||
| 338 | |a online resource |b cr |2 rdacarrier | ||
| 490 | 1 | |a Zuzenbide Arloa ; |v v. 47 | |
| 504 | |a Includes bibliographical references (pages [277]-301). | ||
| 588 | 0 | |a Online resource; title from ePub and PDF title page (Digitalia, viewed Sept. 25, 2014) | |
| 650 | 0 | |a Roman law |x History. | |
| 655 | 0 | |a Electronic books. | |
| 700 | 1 | |a Mentxakaren Iaguntzaz, Rosa, |e author. | |
| 776 | 0 | 8 | |i Print version: |a Txurruka, Juan de. |t Zuzenbide Erromatarraren sarrera historikoa. |d Bilbo : Deustuko Unibertsitatea, 1994. |z 9788474853407. |
| 791 | 2 | |a Digitalia (Firm), |e distributor. | |
| 793 | 0 | |g Digitalia eBook Collection: |a Universidad de Deusto | |
| 830 | 0 | |a Serie Derecho (Bilbao, Spain); |v v. 47. | |
| 856 | 4 | 0 | |3 Digitalia Hispánica |u https://digitalia.unach.elogim.com/a/17601/ |
| 910 | |a Premium Collection: 2014 | ||